Young drivers <the> road to safety

Salvato in:
Dettagli Bibliografici
Ente Autore: Transport Research Centre
Natura: Libro
Lingua:inglese
Pubblicazione: Paris OECD 2006
Soggetti:
Tags: Aggiungi Tag
Nessun Tag, puoi essere il primo ad aggiungerne!!

MARC

LEADER 00000nam$a2200000$$$4500
001 0055464
005 20240315121425.8
020 |a 92-821-1334-5 
041 0 |a eng 
044 |a FR 
245 1 0 |a Young drivers  |b <the> road to safety 
264 1 |a Paris  |b OECD  |c 2006 
300 |a 260 s. 
610 2 0 |a doprava cestná 
610 2 0 |a doprava cestná osobná 
610 2 0 |a vodiči 
610 2 0 |a bezpečnosť dopravy 
610 2 0 |a doprava individuálna 
610 2 0 |a nehody dopravné 
710 2 |a Transport Research Centre